000 00591cam a2200217ua 4500
001 1136
008 110428n ii |||gr||||Z||||||eng
020 _a81-219-1450-7
040 _cMAIN
082 _a330.1543
245 1 _aEconometrics and mathematical economics
_cby S.P.Singh
250 _a7th.
260 _aNew Delhi:
_bS.Chand & company ,999.
300 _a431p.:
_c20cm.
653 _aEconomics
653 _aEconometrics and mathematical economics
700 _aSingh, S.P.,
_eAuthor.
700 _aparashar, Anil K.,
_eAuthor.
700 _aSingh, H.P.,
_eAuthor.
942 _cBK
999 _c1048
_d1048